00934nam a2200181Ia 4500008004100000041001200041082001600053100001500069245008000084260004400164300000800208650001400216942000700230999001500237952017000252952016000422952017000582221030s9999 xx 000 0 und d aEnglish a105.23bOdu aE. P. Odum 0aEcology : The Link Between The Natural & The Social Sciencescby E. P. Odum bOxfor University PressaNew Delhic1975 a244 aChemistry cBK c7485d7485 pBE 3957g79.00l0o105.23 Odur2024-06-13 00:00:00w2022-10-30yBK003Print4070aMIETLIBbMIETLIBcBL-Academic Block A, FL-1, CUP-19, SH-5, R-5d2001-06-1310HBE pBE 3958g79.00l0o105.23 Odur2024-06-13 00:00:00w2022-10-30yBK003Print4071aMIETLIBbMIETLIBcBL-Second, FL-1, CUP-59, SH-5, R-5d2001-06-1310HBE pBE 3959g79.00l0o105.23 Odur2024-06-13 00:00:00w2022-10-30yBK003Print4070aMIETLIBbMIETLIBcBL-Academic Block A, FL-1, CUP-19, SH-5, R-5d2001-06-1310HBE